000
00290nam a2200121Ia 4500
008
210430s9999 xx 000 0 und d
082
_a
330L7641 E
100
_a
Lipsey
245
_a
Econmics
_c
Lipsey
260
_a
New York
_b
Richardd G.Lipsey
_c
2007
300
_a
699p
942
_c
BK
_2
ddc
999
_c
562586
_d
562586